Normal view
MARC view
- MODELING AND SIMULATION OF LIFE SCIENCES, MATERIALS AND TECHNOLOGY
Entry Topical Term
001 - CONTROL NUMBER
- control field: 63517
003 - CONTROL NUMBER IDENTIFIER
- control field: NUST
005 - DATE AND TIME OF LATEST TRANSACTION
- control field: 20210628203131.0
008 - FIXED-LENGTH DATA ELEMENTS
- fixed length control field: 210628|| aca||aabn | a|a d
040 ## - CATALOGING SOURCE
- Original cataloging agency: NUST
- Transcribing agency: NUST
150 ## - HEADING--TOPICAL TERM
- Topical term or geographic name entry element: MODELING AND SIMULATION OF LIFE SCIENCES, MATERIALS AND TECHNOLOGY
670 ## - SOURCE DATA FOUND
- Source citation: Work cat.: (NUST): AVUDAINAYAGAM, A , MISRA , P , SUNDAR, S 63516, MODELING AND SIMULATION , LIFE SCIENCES, MATERIALS AND TECHNOLOGY, 2005
